Co má číst údržbář a opravář strojírenských zařízení : doporučující bibliografie - plán četby /

Uložené v:
Podrobná bibliografia
Ďalší autori: Skřivánek, Miroslav (Compiler)
Médium: Kniha
Jazyk:Czech
Vydané: Praha : Státní technická knihovna, 1964.
ISBN: (brož.)
Fyzický popis: 16 s.
Tagy: Pridať tag
Žiadne tagy, Buďte prvý kto otaguje tento záznam!

MARC

LEADER 00000nam a2200000 a 4500
001 000439655
005 20131014233443.0
008 020913 1964 xr e cze d
020 |a (brož.) 
040 |a SVKKK  |b slo  |c SVKKK  |e AACR2 
041 0 |a cze 
044 |a xr  |c CZ 
245 1 0 |a Co má číst údržbář a opravář strojírenských zařízení :  |b doporučující bibliografie - plán četby /  |c zostavil Miroslav Skřivánek. 
260 |a Praha :  |b Státní technická knihovna,  |c 1964. 
300 |a 16 s. 
700 1 |a Skřivánek, Miroslav  |4 com 
910 |a svkkk 
998 |a BK 
090 |g SCKHL  |k Sklad Hlavná 10 suterén  |a I.27755  |j 342004  |i 439655-10  |4 Strata  |s Vyradená